Dostupnosť ako základný prvok atraktívnosti predajne

Analýza dostupnosti maloobchodných predajní v meste Bratislava a možnosti zvýšenia ich atraktívnosti.

Saved in:
Bibliographic Details
Main Author: Kita, Pavol
Format: Book Chapter
Language:Slovak
Subjects:
Tags: Add Tag
No Tags, Be the first to tag this record!

MARC

LEADER 00000naa a2200000 4500
001 0183855
005 20240502073140.8
041 0 |a slo 
044 |a SK 
245 1 0 |a Dostupnosť ako základný prvok atraktívnosti predajne  |c Pavol Kita 
520 |a Analýza dostupnosti maloobchodných predajní v meste Bratislava a možnosti zvýšenia ich atraktívnosti. 
610 2 0 |a predajne 
610 2 0 |a konkurencieschopnosť 
610 2 0 |a siete obchodné 
610 2 0 |a správanie spotrebiteľa 
610 2 0 |a stratégia marketingová 
100 1 |a Kita, Pavol